| 000 | 00507nam a2200181Ia 4500 | ||
|---|---|---|---|
| 008 | 240925s9999 xx 000 0 und d | ||
| 020 | _a471323985 | ||
| 082 | _a621.381 GRA | ||
| 100 | _aGray ,Paul E.; Campbell ,L. Searle | ||
| 245 | 0 | _aElectronic Principles: physics, models, and circuits | |
| 250 | _aNA | ||
| 260 |
_aNew York: _bJohn Wiley & Sons _c,1969. |
||
| 300 |
_a561p. _bN.A _fOriginal |
||
| 500 | _aIncludes Index | ||
| 600 | _aElectronic Engineering | ||
| 650 | _aTechnology | ||
| 942 | _cBK | ||
| 999 |
_c11780 _d11780 |
||